00834 2200301 4500001002100000005001500021035002000036007000300056040001700059100003600076245010500112250001000217020001800227041000800245082000800253084001400261090002000275264003100295336002100326337003000347338002300377650001200400850001000412008004100422700003100463990001600494990002200510INLIS00000000000924720260422020035 a0010-1122000206ta aSBPUPADbind0 aTito R Mukhopadhyay;ePengarang1 aPohon Cerdas :bCatatan Menakjubkan Seorang Anak Autis /cTito R Mukhopadhyay; Editor;Mathori A Elwa aCet.1 a979-24-5646-5 aind a920 a920 TIT p a923 BAC t 25-10 aNew York; :bNuansa,c2007 2rdacontentateks 2rdamediaatanpa perantara 2rdacarrieravolume 4aSejarah aPUPAD260422 0  aMathori A Elwa;ePengarang a4627/B-2007 a4626/B/ARPUS/2008